<?xml version="1.0" encoding="UTF-8"?>
<record
    xmlns:xsi="http://www.w3.org/2001/XMLSchema-instance"
    xsi:schemaLocation="http://www.loc.gov/MARC21/slim http://www.loc.gov/standards/marcxml/schema/MARC21slim.xsd"
    xmlns="http://www.loc.gov/MARC21/slim">

  <leader>02681nam a2200313 i 4500</leader>
  <controlfield tag="001">000047909</controlfield>
  <controlfield tag="003">DO-SdBNP</controlfield>
  <controlfield tag="005">20251013132200.0</controlfield>
  <controlfield tag="007">ta</controlfield>
  <controlfield tag="008">181003e2007    dr adc gr    s001 e spa d</controlfield>
  <datafield tag="020" ind1=" " ind2=" ">
    <subfield code="a">9789945130546, v.1</subfield>
  </datafield>
  <datafield tag="020" ind1=" " ind2=" ">
    <subfield code="a">9789945130584, v.2</subfield>
  </datafield>
  <datafield tag="040" ind1=" " ind2=" ">
    <subfield code="a">DO-SdBNP</subfield>
    <subfield code="b">spa</subfield>
    <subfield code="c">BNPHU</subfield>
    <subfield code="e">rda</subfield>
  </datafield>
  <datafield tag="041" ind1=" " ind2=" ">
    <subfield code="a">spa</subfield>
  </datafield>
  <datafield tag="082" ind1=" " ind2="4">
    <subfield code="a">xxx</subfield>
    <subfield code="b">xxx</subfield>
    <subfield code="2">22</subfield>
  </datafield>
  <datafield tag="111" ind1="2" ind2=" ">
    <subfield code="a">Seminario Taller la Campa&#xF1;a Electoral, Regulaci&#xF3;n y Control</subfield>
    <subfield code="d">(2007 : 14-15 jun.</subfield>
    <subfield code="c">Santo Domingo)</subfield>
    <subfield code="9">75468</subfield>
  </datafield>
  <datafield tag="245" ind1="1" ind2="3">
    <subfield code="a">La campa&#xF1;a electoral :</subfield>
    <subfield code="b">regulaci&#xF3;n y control ; editor, Nurys Paulino</subfield>
  </datafield>
  <datafield tag="264" ind1=" " ind2="1">
    <subfield code="a">Santo Domingo :</subfield>
    <subfield code="b">Junta Central Electoral,</subfield>
    <subfield code="c">2007.</subfield>
  </datafield>
  <datafield tag="300" ind1=" " ind2=" ">
    <subfield code="a">volumenes ;</subfield>
    <subfield code="b">ilustraciones, gr&#xE1;ficos, retratos ;</subfield>
    <subfield code="c">22 cm.</subfield>
  </datafield>
  <datafield tag="336" ind1=" " ind2=" ">
    <subfield code="a">texto</subfield>
    <subfield code="b">txt</subfield>
    <subfield code="2">rdacontent</subfield>
  </datafield>
  <datafield tag="337" ind1=" " ind2=" ">
    <subfield code="a">sin mediaci&#xF3;n</subfield>
    <subfield code="b">n</subfield>
    <subfield code="2">rdamedia</subfield>
  </datafield>
  <datafield tag="338" ind1=" " ind2=" ">
    <subfield code="a">volumen</subfield>
    <subfield code="b">nc</subfield>
    <subfield code="2">rdacarrier</subfield>
  </datafield>
  <datafield tag="505" ind1="0" ind2=" ">
    <subfield code="a">Presentaci&#xF3;n--</subfield>
    <subfield code="t">Discurso de bienvenida a cargo del Doctor Julio C&#xE9;sar Casta&#xF1;os Guzm&#xE1;n--</subfield>
    <subfield code="t">Discurso del Reverendo Padre Ram&#xF3;n Alonso, Rector de la Universidad Cat&#xF3;lica Santo Domingo--</subfield>
    <subfield code="t">Tema 1--</subfield>
    <subfield code="t">Marcos regulatorios de la campa&#xF1;a electoral en Rep&#xFA;blica Dominicana /</subfield>
    <subfield code="t">Regulaci&#xF3;n y Control de las campa&#xF1;as electorales en Am&#xE9;rica Latina: balance general-</subfield>
    <subfield code="t">Tema 2--</subfield>
    <subfield code="t">Campa&#xF1;a electorales, equidad y democracia en M&#xE9;xico : experiencia mexicana --</subfield>
    <subfield code="t">Tema 3--</subfield>
    <subfield code="t">Campa&#xF1;a electoral, regulaci&#xF3;n y control experiencia chilena --</subfield>
    <subfield code="t">Tema 4--</subfield>
    <subfield code="t">Panel representantes partidos pol&#xED;ticos --</subfield>
    <subfield code="t">Palabras de Clausura.</subfield>
  </datafield>
  <datafield tag="505" ind1="0" ind2=" ">
    <subfield code="a">v.2--</subfield>
    <subfield code="t">Campa&#xF1;a Electoral: Financiamien--</subfield>
    <subfield code="g">Presentaci&#xF3;n --</subfield>
    <subfield code="t">Discurso de bienvenida a cargo del Dr. Julio C&#xE9;sar--</subfield>
    <subfield code="g">Tema I--</subfield>
    <subfield code="t">"Marco Jur&#xED;dico del Financiamiento de la Campa&#xF1;a Electoral en la Rep&#xFA;blica Dominicana, Dr. Jos&#xE9; &#xC1;ngel Aquino Rodr&#xED;guez, Miembro Titular de la C&#xE1;mara Administrativa de la Junta Central Electoral--</subfield>
    <subfield code="t">"Evoluci&#xF3;n del Financiamiento de la Campa&#xF1;a Electoral en Europa: experiencia en las  Islas Canarias, Dr. Alfredo Belda, Diputado del parlamento Canario, Espa&#xF1;a--</subfield>
    <subfield code="g">Tema II--</subfield>
    <subfield code="t">Financiamiento de los partidos pol&#xED;ticos y de las Campa&#xF1;as Electorales en M&#xE9;xico, Lic. Arturo S&#xE1;nchez Guiti&#xE9;rrez, Ministro Consejo Instituto Federal Electoral de M&#xE9;xico (IFE)--</subfield>
    <subfield code="t">Financiaci&#xF3;n de Campa&#xF1;as Electorales y Rendici&#xF3;n de Cuentas de las Campa&#xF1;as: Experiencia colombiana, Dr. Marco Emilio Hincapi&#xE9; Ram&#xED;rez, Miembro Titular del Consejo Nacional Electoral de Colombia--</subfield>
    <subfield code="t">Palabras de clausura, Dr. C&#xE9;sar Francisco F&#xE9;liz F&#xE9;liz, Miembro Titular de la C&#xE1;mara Administrativa de la Junta Central Electoral.</subfield>
  </datafield>
  <datafield tag="590" ind1=" " ind2=" ">
    <subfield code="a">Inventariado, 2019/ VM</subfield>
  </datafield>
  <datafield tag="700" ind1=" " ind2=" ">
    <subfield code="a">Paulino, Nurys,</subfield>
    <subfield code="e">editor</subfield>
    <subfield code="4">ed.</subfield>
    <subfield code="9">22136</subfield>
  </datafield>
  <datafield tag="710" ind1="1" ind2=" ">
    <subfield code="a">Rep&#xFA;blica Dominicana.</subfield>
    <subfield code="b"> Junta Central Electoral</subfield>
    <subfield code="9">64605</subfield>
  </datafield>
  <datafield tag="942" ind1=" " ind2=" ">
    <subfield code="2">ddc</subfield>
    <subfield code="c">LBS1</subfield>
  </datafield>
  <datafield tag="952" ind1=" " ind2=" ">
    <subfield code="0">0</subfield>
    <subfield code="1">0</subfield>
    <subfield code="2">ddc</subfield>
    <subfield code="5">1</subfield>
    <subfield code="7">0</subfield>
    <subfield code="8">PD</subfield>
    <subfield code="a">BNPHU</subfield>
    <subfield code="b">BNPHU</subfield>
    <subfield code="c">CT</subfield>
    <subfield code="d">2018-10-03</subfield>
    <subfield code="e">Donado por Maritza B&#xE1;ez</subfield>
    <subfield code="o">BNPHU PD S471t</subfield>
    <subfield code="p">47909-10</subfield>
    <subfield code="r">2020-06-25</subfield>
    <subfield code="t">v. 1</subfield>
    <subfield code="w">2020-06-25</subfield>
    <subfield code="y">LBS1</subfield>
  </datafield>
  <datafield tag="952" ind1=" " ind2=" ">
    <subfield code="0">0</subfield>
    <subfield code="1">0</subfield>
    <subfield code="2">ddc</subfield>
    <subfield code="5">1</subfield>
    <subfield code="7">0</subfield>
    <subfield code="8">PD</subfield>
    <subfield code="a">BNPHU</subfield>
    <subfield code="b">BNPHU</subfield>
    <subfield code="c">CT</subfield>
    <subfield code="d">2022-03-31</subfield>
    <subfield code="e">Donado por CERTV</subfield>
    <subfield code="o">BNPHU PD S471t</subfield>
    <subfield code="p">2022-1032</subfield>
    <subfield code="r">2022-03-31</subfield>
    <subfield code="t">v.1, e.2</subfield>
    <subfield code="w">2022-03-31</subfield>
    <subfield code="y">LBS1</subfield>
  </datafield>
  <datafield tag="952" ind1=" " ind2=" ">
    <subfield code="0">0</subfield>
    <subfield code="1">0</subfield>
    <subfield code="2">ddc</subfield>
    <subfield code="5">1</subfield>
    <subfield code="7">0</subfield>
    <subfield code="8">PD</subfield>
    <subfield code="a">BNPHU</subfield>
    <subfield code="b">BNPHU</subfield>
    <subfield code="c">CT</subfield>
    <subfield code="d">2018-07-31</subfield>
    <subfield code="e">Donado por CERTV</subfield>
    <subfield code="o">BNPHU PD S471t</subfield>
    <subfield code="p">2022-4597</subfield>
    <subfield code="r">2022-10-31</subfield>
    <subfield code="t">v.2</subfield>
    <subfield code="w">2022-10-31</subfield>
    <subfield code="y">LBS1</subfield>
  </datafield>
  <datafield tag="952" ind1=" " ind2=" ">
    <subfield code="0">0</subfield>
    <subfield code="1">0</subfield>
    <subfield code="2">ddc</subfield>
    <subfield code="5">6</subfield>
    <subfield code="7">0</subfield>
    <subfield code="8">DS</subfield>
    <subfield code="a">BNPHU</subfield>
    <subfield code="b">BNPHU</subfield>
    <subfield code="c">CT</subfield>
    <subfield code="d">2025-03-21</subfield>
    <subfield code="e">Donado por la Junta Central Electoral</subfield>
    <subfield code="l">0</subfield>
    <subfield code="o">BNPHU DS </subfield>
    <subfield code="p">2025-2229</subfield>
    <subfield code="r">2025-03-21</subfield>
    <subfield code="t">v.1, e.3</subfield>
    <subfield code="w">2025-03-21</subfield>
    <subfield code="y">LBS1</subfield>
  </datafield>
  <datafield tag="952" ind1=" " ind2=" ">
    <subfield code="0">0</subfield>
    <subfield code="1">0</subfield>
    <subfield code="2">ddc</subfield>
    <subfield code="5">6</subfield>
    <subfield code="7">0</subfield>
    <subfield code="8">DS</subfield>
    <subfield code="a">BNPHU</subfield>
    <subfield code="b">BNPHU</subfield>
    <subfield code="c">CT</subfield>
    <subfield code="d">2025-06-02</subfield>
    <subfield code="e">Donado por la Junta Central Electoral</subfield>
    <subfield code="l">0</subfield>
    <subfield code="o"> BNPHU DS </subfield>
    <subfield code="p">2025-4720</subfield>
    <subfield code="r">2025-06-02</subfield>
    <subfield code="t">v.1, e.4</subfield>
    <subfield code="w">2025-06-02</subfield>
    <subfield code="y">LBS1</subfield>
  </datafield>
  <datafield tag="999" ind1=" " ind2=" ">
    <subfield code="c">47397</subfield>
    <subfield code="d">47397</subfield>
  </datafield>
</record>
